000 00990cam a2200277 4500
001 sa 68012108
003 DLC
005 20260227112607.0
008 691103s1967 ii ab b 000 0 eng
010 _asa 68012108
025 _aPL480:I-E-10305
040 _aDLC
_cDLC
_dDLC
043 _aa-ii---
050 0 0 _aJS7052
_b.G73 1967
082 0 0 _a352.054/14
100 1 _aGreen, Leslie,
_d1918-
245 1 0 _aSpecial agencies in metropolitan Calcutta;
_ba comparative study
_c[by] Leslie Green and Abhijit Datta.
260 _aBombay,
_aNew York,
_bPublished for the Institute of Public Administration, New York [by] Asia Pub. House
_c[1967]
300 _ax, 141 p.
_billus., maps.
_c25 cm.
350 _a20.00
440 0 _aCalcutta research studies,
_vno. 8
504 _aBibliographical footnotes.
650 0 _aCity planning
_zIndia
_zKolkata Metropolitan Area.
651 0 _aKolkata Metropolitan Area (India)
_xPolitics and government.
700 1 _aDatta, Abhijit,
_ejoint author.
999 _c84311
_d84311